Victorian values : secularism and the size of families /

Bibliographic Details
Main Author: Banks, J. A. (Joseph Ambrose), 1920-2005
Format: Book
Language:English
Published: London ; Boston, Mass. : Routledge & Kegan Paul, 1981.
Subjects:

MARC

Tag First Indicator Second Indicator Subfields
LEADER 00000pam a2200000 a 4500
001 in00000071845
005 20151008062424.0
008 810518s1981 enk b 00110 eng
010 |a  81008604  
020 |a 0710008074 :  |c $18.00 
035 |a (OCoLC)07555934 
035 |9 AAK0194AM 
040 |a DLC  |c DLC  |d TXA  |d UtOrBLW 
043 |a e-uk--- 
049 |a TXAM  |c [800467] 
050 0 0 |a HQ614  |b .B44 
082 0 |a 304.6/3  |2 19 
100 1 |a Banks, J. A.  |q (Joseph Ambrose),  |d 1920-2005. 
245 1 0 |a Victorian values :  |b secularism and the size of families /  |c J.A. Banks. 
264 1 |a London ;  |a Boston, Mass. :  |b Routledge & Kegan Paul,  |c 1981. 
300 |a ix, 203 pages ;  |c 23 cm. 
336 |a text  |b txt  |2 rdacontent 
337 |a unmediated  |b n  |2 rdamedia 
338 |a volume  |b nc  |2 rdacarrier 
504 |a Includes bibliographical references and indexes. 
650 0 |a Family size  |z Great Britain  |x Moral and ethical aspects  |x History  |y 19th century. 
650 0 |a Birth control  |z Great Britain  |x Moral and ethical aspects  |x History  |y 19th century. 
650 0 |a Secularism  |z Great Britain  |x History  |y 19th century. 
651 0 |a Great Britain  |x Social conditions  |y 19th century. 
999 |a MARS 
999 f f |s b700c26c-a008-3300-9b51-77591782d5c5  |i 4722efea-9e70-3538-86ba-5a8010d5fe54  |t 0 
952 f f |p ric  |a Texas A&M University  |b Rellis Campus  |c Joint Library Facility  |d Remote Storage  |t 0  |e HQ614 .B44  |h Library of Congress classification  |i unmediated -- volume  |m A14806142001 
998 f f |a HQ614 .B44  |t 0  |l Remote Storage